| 000 | 00828cam a22002777a 4500 | ||
|---|---|---|---|
| 001 | 14598900 | ||
| 003 | OSt | ||
| 005 | 20140310181709.0 | ||
| 008 | 061018s2002 ph 000 1 tgl d | ||
| 010 | _a 2004420743 | ||
| 020 | _a9715554164 | ||
| 035 | _a(CStRLIN)MIUG03-B516 | ||
| 040 |
_aMiU _cMiU _dDLC |
||
| 042 |
_alccopycat _alcode |
||
| 050 | 0 | 0 |
_aPL 6058.9 _b.Ag48K35 1911 |
| 082 |
_aFIL 899.2113 _bAg9 2002 |
||
| 100 | 1 |
_aAguilar, Faustino S., _d1882-1955. |
|
| 245 | 1 | 0 |
_aKatihan / _cFaustino Aguilar. |
| 260 |
_aMalate, Maynila, Pilipinas : _bDe La Salle University Press, _c1911. |
||
| 300 |
_axvi, 115 p. : _c18 cm. |
||
| 650 | 0 | _aTagalog fiction. | |
| 906 |
_a7 _bcbc _ccopycat _d4 _encip _f20 _gy-gencatlg |
||
| 942 |
_2lcc _cBK |
||
| 999 |
_c1469 _d1469 |
||